Nebo - peklo : Veselohra v 4 obrazoch /

Hlavní autor: Karvaš, Peter, 1920-1999
Jazyk: Slovenština
Vydáno: Bratislava : Slovenská literárna agentúra, 1988
Fyzický popis: 80 s.
Knihy
Uloženo v:
LEADER 00630nam a22002052a 4500
001 000875908
003 CZ BrMZK
005 20071119111138.0
007 ta
008 071119s1988 xo er|||||||||||slo d
040 |a BOA001  |b cze 
080 9 |a 885.4-22 
100 1 |a Karvaš, Peter,  |d 1920-1999  |7 jn19990210318  |4 aut 
245 1 0 |a Nebo - peklo :  |b Veselohra v 4 obrazoch /  |c Peter Karvaš 
260 |a Bratislava :  |b Slovenská literárna agentúra,  |c 1988 
300 |a 80 s. 
910 |a BOA001  |b 4-0937.648 
990 |a BK 
991 |b 200711 
996 7 |b 2619373675  |c 4-0937.648  |l MZK  |r Sklad / do 1 hodiny  |n 1  |w 000875908  |u 000010  |a 1  |e BOA001  |j MZK50  |s A